000 00712nam a2200289Ia 4500
005 20260324121721.0
008 008 260324s9999 xx 000 0 eng d
020 _a9780203405147
037 _aEBOOK
040 _aCRL
040 _beng
040 _cCRL
041 _2eng
041 _aeng
084 _qCRL
100 _aOsvaldo Saldias
_91163599
245 4 _aThe Judicial Politics of Economic Integration
245 4 _bThe Andean Court as an Engine of Development
260 _bTaylor and Francis
260 _c2013
365 _a
365 _b70.99
856 _uhttp://www.taylorfrancis.com/books/9780203405147
942 _cEBOOK
999 _c1755878
_d1755878